| 000 -ლიდერი |
| ფიქსირებული სიგრძის საკონტროლო ველი |
00930nam a22001817a 4500 |
| 003 - საკონტროლო ნომრის იდენტიფიკატორი |
| საკონტროლო ველი |
Ge_BSU |
| 005 - ბოლო ოპერაციის თარიღი და დრო |
| საკონტროლო ველი |
20240607115522.0 |
| 008 - ფიქსირებული სიგრძის მონაცემთა ელემენტები - ზოგადი ინფორმაცია |
| ფიქსირებული სიგრძის საკონტროლო ველი |
240607s ge ||||| |||| 00| 0 geo d |
| 041 ## - ენის კოდი |
| Language code of text/sound track or separate title |
geo |
| 080 ## - უნივერსალური ათობითი კლასიფიკაციის ინდექსი |
| Universal Decimal Classification number |
61 შ-82 |
| 100 ## - მთავარი ჩანაწერი - პიროვნების სახელი |
| Personal name |
შონშტაინი, ლ. |
| 9 (RLIN) |
22353 |
| 245 ## - ცნობა სათაურის შესახებ |
| Title |
ავადმყოფზე დაკვირვება : |
| Remainder of title |
სახელმძღვანელო მედდებისათვის / |
| Statement of responsibility, etc |
ლოტე შონშტაინი; მთარგმნელი ლ. ზაუტაშვილი, თ. ვაშაკიძე, ნ. ბაქანიძე. |
| 300 ## - ფიზიკური აღწერა |
| Extent |
98 გვ. ; |
| Other physical details |
20 სმ. |
| 700 ## - ADDED ENTRY--PERSONAL NAME |
| Personal name |
ზაუტაშვილი, ლ. |
| Relator term |
მთარგმნელი |
| 9 (RLIN) |
22354 |
| 700 ## - ADDED ENTRY--PERSONAL NAME |
| Personal name |
ვაშაკიძე, თ. |
| Relator term |
მთარგმნელი |
| 9 (RLIN) |
11709 |
| 700 ## - ADDED ENTRY--PERSONAL NAME |
| Personal name |
ბაქანიძე, ნ. |
| Relator term |
მთარგმნელი |
| 9 (RLIN) |
22355 |
| 942 ## - ADDED ENTRY ELEMENTS (KOHA) |
| Source of classification or shelving scheme |
|
| Koha item type |
წიგნი |